<?xml version="1.0" encoding="UTF-8"?>
<collection xmlns="http://www.loc.gov/MARC21/slim">
  <record>
    <leader>00000nam  2200000   4500</leader>
    <controlfield tag="001">INLIS000000000018517</controlfield>
    <controlfield tag="005">20241120025341</controlfield>
    <datafield tag="035" ind1="#" ind2="#">
      <subfield code="a">0010-1124000183</subfield>
    </datafield>
    <controlfield tag="007">ta</controlfield>
    <controlfield tag="008">241120###########################0######</controlfield>
    <datafield tag="245" ind1="#" ind2="#">
      <subfield code="a">OMBAK PAPUA :</subfield>
      <subfield code="b">Optimalisasi Media Pembelajaran Interaktif Berbasis Vidio Pada Mata Kuliah Pemrokraman Web Di Jurusan Informatika Universitas Papua /</subfield>
      <subfield code="c">Josua Josen A. Limbong, M.Kom</subfield>
    </datafield>
    <datafield tag="260" ind1="#" ind2="#">
      <subfield code="a">Makassar :</subfield>
      <subfield code="b">Puslatbang KMP RI LAN Makassar,</subfield>
      <subfield code="c">2024</subfield>
    </datafield>
    <datafield tag="300" ind1="#" ind2="#">
      <subfield code="a">32 ;</subfield>
      <subfield code="c">30</subfield>
    </datafield>
    <datafield tag="650" ind1="#" ind2="4">
      <subfield code="a">Memudahkan pemahaman materi praktik, serta mendukung pembelajaran mandiri mahasiswa</subfield>
    </datafield>
    <datafield tag="700" ind1=" " ind2="#">
      <subfield code="a">Prof. Dedi Iskandar Inan, S.T., M.T., Ph.D (Mentor)</subfield>
    </datafield>
    <datafield tag="700" ind1=" " ind2="#">
      <subfield code="a">Taufik, S.E (Coach)</subfield>
    </datafield>
    <datafield tag="520" ind1="#" ind2="#">
      <subfield code="a">Penerapan media pembelajaran berbasis video interaktif masih kurang di mata kuliah Pemrograman Web parda Jurusan Informatika, Universitas Papua. Hal ini disebabkan oleh tingginya beban kerja dosen serta minimnya inovasi dalam metode pembelajaran.&#13;
&#13;
Untuk mengatasi masalah tersebut, dilakukan kegiatan Optimalisasi Media Pembelajaran Interaktif Berbasis Video pada Mata Kuliah Pemrograman Web, yang dilaksanakan dari tanggal 15 September hingga 12 Oktober 2024. Kegiatan ini terdiri dari lima langkah utama, yang semuanya berhasil direalisasikan tepat waktu.&#13;
&#13;
Berdasarkan testimoni mahasiswa melalui video, penerapan media pembelajaran ini memberikan dampak positif, memudahkan pemahaman materi praktik, serta mendukung pembelajaran mandiri mahasiswa. Optimalisasi ini diharapkan dapat meningkatkan kualitas proses belajar mengajar secara berkelanjutan.</subfield>
    </datafield>
    <datafield tag="856" ind1="#" ind2="#">
      <subfield code="a">PUSLATBANG KMP LAN RI Makassar</subfield>
    </datafield>
  </record>
</collection>
